000 00477nam a2200181 4500
001 18950
005 20230410143536.0
008 060907n2004 dr spa
020 _a1579123678
035 _9funglode19100
041 _aEN
050 1 4 _aT 47 I26p 2004
100 _aIkenson, Ben
245 1 _aPatents :
_bingenious inventions /
_cBen Ikenson
260 _aNew York :
_bBlack Dog & Leventhal Publishers,
_c2004
300 _a288 p.
942 _2lcc
_cbk
999 _c103588
_d103588